000 00876nam0a22002651 4500
001 RU\INFOCOMM_322\NLR\5000108047
005 20260406042507.0
035 _a(NLR Aleph) 010592182
090 _a10506540
_c10506540
100 _a20121214d1828 |||y0rusy50 ca
101 1 _afre
_crus
102 _aRU
105 _ay z||||
200 1 _aFables de m. J. Krylof
_fTraduites du russe, d'après l'édition complète de 1825 par Hippolyte Masclet
210 _aM.
_d1828
215 _a[6], VI, 270 с.
_d22 см
620 _aМосква
686 _aЛхР312(франц.)
_2rubbk
700 1 _4070
_8rus
_7ba
_aKrylov
_bI. A.
_cбаснописец
_f1769-1844
_gIvan Andreevič
_3RU\NLR\AUTH\772711
_9112719
790 1 _9z01700
_aKrylof
_bJ.
_4070
801 1 _aRU
_bNLR
_c20121214
801 0 _aRU
_bINFOCOMM
_gPSBO
852 _aNLR
_j13.8.4.92
_y2 экз.
942 _cBOOK
980 _aNB